[Event "Oberliga Nord N 0708"]
[Site "Germany"]
[Date "2008.02.10"]
[Round "6.5"]
[White "Wilms, Ingo"]
[Black "Becker, Mario"]
[Result "1/2-1/2"]
[WhiteElo "2182"]
[BlackElo "2152"]
[PlyCount "127"]
[EventDate "2007.10.21"]
[EventType "team-tourn"]
[EventRounds "9"]
[EventCountry "GER"]
[SourceTitle "EXT 2009"]
[Source "ChessBase"]
[SourceDate "2008.11.26"]
[SourceVersion "1"]
[SourceVersionDate "2008.11.26"]
[SourceQuality "1"]
[WhiteTeam "Koenigsspringer"]
[BlackTeam "St Pauli"]
[WhiteTeamCountry "GER"]
[BlackTeamCountry "GER"]

1. d4 Nf6 2. Nf3 g6 3. Bf4 Bg7 4. Nbd2 d5 5. h3 0-0 6. e3 c6 7. Bd3 Bf5 8. 0-0 Bxd3 9. cxd3 Qb6 10. Qc2 Nbd7 11. Rac1 Rac8 12. Nb3 Rfe8 13. Nc5 Nxc5 14. dxc5 Qa6 15. Ne5 Rcd8 16. b4 Nd7 17. Nxd7 Rxd7 18. a4 e5 19. Bg3 f5 20. Qb3 Kh8 21. f3 Bh6 22. Rce1 e4 23. d4 exf3 24. gxf3 f4 25. exf4 Rde7 26. b5 Qa5 27. Rxe7 Rxe7 28. bxc6 bxc6 29. Qb8+ Kg7 30. Qd6 Qc7 31. Qxc7 Rxc7 32. Rb1 Rf7 33. Kf2 Bxf4 34. Bxf4 Rxf4 35. Ke3 Rf7 36. a5 Kf6 37. a6 Re7+ 38. Kf4 h6 39. Rb7 g5+ 40. Kg4 Re1 41. Kg3 Rg1+ 42. Kf2 Ra1 43. Rxa7 Ke6 44. Kg2 Kf6 45. Ra8 Kg6 46. a7 Kh5 47. Kf2 Ra3 48. Kg3 Ra1 49. Kf2 Ra3 50. Ke2 Kh4 51. Rh8 Rxa7 52. Rxh6+ Kg3 53. Rxc6 Ra2+ 54. Ke3 Ra3+ 55. Kd2 Kxf3 56. Rd6 Ke4 57. c6 Ra4 58. Rg6 Rxd4+ 59. Ke2 Rc4 60. Re6+ Kf5 61. Rd6 Ke5 62. Rg6 Ke4 63. Re6+ Kf5 64. Rd6 1/2-1/2

[Event "Oberliga Nord N 0708"]
[Site "Germany"]
[Date "2008.01.20"]
[Round "5.6"]
[White "Rieling, Thomas"]
[Black "Becker, Mario"]
[Result "1-0"]
[WhiteElo "2183"]
[BlackElo "2152"]
[PlyCount "123"]
[EventDate "2007.10.21"]
[EventType "team-tourn"]
[EventRounds "9"]
[EventCountry "GER"]
[SourceTitle "EXT 2009"]
[Source "ChessBase"]
[SourceDate "2008.11.26"]
[SourceVersion "1"]
[SourceVersionDate "2008.11.26"]
[SourceQuality "1"]
[WhiteTeam "Hamburg Diogenes"]
[BlackTeam "St Pauli"]
[WhiteTeamCountry "GER"]
[BlackTeamCountry "GER"]

1. e4 c6 2. d4 d5 3. exd5 cxd5 4. Bd3 Nc6 5. c3 Nf6 6. Bf4 Bg4 7. Qb3 Qc8 8. Nd2 e6 9. Ngf3 Be7 10. 0-0 Bh5 11. Rac1 0-0 12. Ne5 Nxe5 13. Bxe5 Bg6 14. Be2 Qd7 15. Bb5 Qd8 16. Be2 Qd7 17. c4 dxc4 18. Nxc4 Be4 19. Qg3 Bd5 20. Ne3 Rac8 21. Nxd5 Qxd5 22. b3 g6 23. Qh4 Qe4 24. Qxe4 Nxe4 25. Bf3 Nc3 26. Rc2 Nd5 27. Rfc1 Rxc2 28. Rxc2 f6 29. Bxd5 exd5 30. Bf4 g5 31. Bg3 Rf7 32. Rc8+ Kg7 33. f3 Ba3 34. Rd8 a6 35. Rxd5 Re7 36. Kf1 Kf7 37. Rd8 h5 38. d5 h4 39. Bf2 Bb4 40. d6 Re6 41. Rd7+ Kg6 42. Rxb7 Bxd6 43. Rb6 Kf5 44. h3 Ba3 45. Rxe6 Kxe6 46. Ke2 Kd5 47. Kd3 Bb2 48. Be3 Be5 49. a4 Bb2 50. Bd2 Ke5 51. b4 Bd4 52. f4+ gxf4 53. Bxf4+ Kxf4 54. Kxd4 Kg3 55. b5 axb5 56. axb5 Kxg2 57. b6 Kxh3 58. b7 Kg2 59. b8Q h3 60. Qg8+ Kh1 61. Ke3 h2 62. Kf2 1-0

[Event "Oberliga Nord N 0708"]
[Site "Germany"]
[Date "2007.11.25"]
[Round "3.6"]
[White "Kim, Oi Sin"]
[Black "Becker, Mario"]
[Result "0-1"]
[WhiteElo "2072"]
[BlackElo "2152"]
[PlyCount "54"]
[EventDate "2007.10.21"]
[EventType "team-tourn"]
[EventRounds "9"]
[EventCountry "GER"]
[SourceTitle "EXT 2009"]
[Source "ChessBase"]
[SourceDate "2008.11.26"]
[SourceVersion "1"]
[SourceVersionDate "2008.11.26"]
[SourceQuality "1"]
[WhiteTeam "Kiel Meerbauer"]
[BlackTeam "St Pauli"]
[WhiteTeamCountry "GER"]
[BlackTeamCountry "GER"]

1. c4 b6 2. d4 e6 3. e4 Bb4+ 4. Nd2 Nf6 5. Bd3 Bb7 6. Qc2 Bxd2+ 7. Bxd2 d5 8. cxd5 exd5 9. e5 Ne4 10. Be3 Qe7 11. f3 Nd6 12. b3 Nc6 13. Qc3 0-0 14. Kf2 Nc8 15. Nh3 f6 16. exf6 Qxf6 17. Ng5 g6 18. h4 Nd6 19. b4 Rae8 20. b5 Na5 21. Qxc7 Re7 22. Qc2 Rc8 23. Qd1 Rce8 24. Re1 Nac4 25. Bxc4 Nxc4 26. Ne4 Rxe4 27. Bg5 Rxe1 0-1

[Event "Pinneberg-ch"]
[Site "Pinneberg"]
[Date "2006.09.15"]
[Round "5.2"]
[White "Nonnenmacher, Thomas"]
[Black "Becker, Mario"]
[Result "0-1"]
[WhiteElo "2215"]
[BlackElo "2143"]
[PlyCount "84"]
[EventDate "2006.08.22"]
[EventType "swiss"]
[EventRounds "7"]
[EventCountry "GER"]
[SourceTitle "EXT 2007"]
[Source "ChessBase"]
[SourceDate "2006.11.23"]
[SourceVersion "1"]
[SourceVersionDate "2006.11.23"]
[SourceQuality "1"]

1. c4 c5 2. Nf3 Nf6 3. d4 cxd4 4. Nxd4 b6 5. f3 Bb7 6. e4 d6 7. Be3 a6 8. Nc3 e6 9. Qd2 Nbd7 10. Be2 Be7 11. 0-0 Qc7 12. Rac1 0-0 13. Rfd1 Rac8 14. Qe1 Qb8 15. Qf2 Bd8 16. b3 Bc7 17. Qh4 Rfe8 18. g4 Ne5 19. g5 Nfd7 20. f4 Ng6 21. Qh3 Nc5 22. f5 exf5 23. exf5 Ne5 24. f6 Nf3+ 25. Kf2 Rxe3 26. Kxe3 Re8+ 27. Kf2 Nxg5 28. Qh4 Nge4+ 29. Nxe4 Nxe4+ 30. Kg1 Nxf6 31. Bf3 Bxf3 32. Nxf3 Re4 33. Qh3 Rg4+ 34. Kh1 Qa8 35. Re1 Ne4 36. Rc2 f5 37. Rg2 b5 38. Ree2 Nf6 39. Nd2 Ba5 40. Qe3 Bxd2 41. Qe6+ Kh8 42. Rxd2 Re4 0-1

[Event "Pinneberg-ch"]
[Site "Pinneberg"]
[Date "2006.09.01"]
[Round "3.10"]
[White "Homm, Marc Michael"]
[Black "Becker, Mario"]
[Result "0-1"]
[WhiteElo "2018"]
[BlackElo "2143"]
[PlyCount "52"]
[EventDate "2006.08.22"]
[EventType "swiss"]
[EventRounds "7"]
[EventCountry "GER"]
[SourceTitle "EXT 2007"]
[Source "ChessBase"]
[SourceDate "2006.11.23"]
[SourceVersion "1"]
[SourceVersionDate "2006.11.23"]
[SourceQuality "1"]

1. d4 e6 2. c4 Nf6 3. Nc3 Bb4 4. Qc2 d5 5. a3 Be7 6. e3 0-0 7. Nf3 c5 8. Bd3 Nc6 9. cxd5 exd5 10. dxc5 Bxc5 11. b4 Bb6 12. 0-0 Re8 13. Bb2 Bg4 14. b5 Na5 15. Ng5 h6 16. Nf3 Rc8 17. Nd4 Bxd4 18. exd4 Qd6 19. Rfe1 Bd7 20. a4 Ng4 21. g3 Nc4 22. Bxc4 Rxe1+ 23. Rxe1 Rxc4 24. Qb3 Rxd4 25. f3 Rb4 26. Qc2 Qc5+ 0-1

[Event "Hamburg Junge op"]
[Site "Hamburg"]
[Date "2005.10.07"]
[Round "7"]
[White "Obst, Martin"]
[Black "Becker, Mario"]
[Result "0-1"]
[WhiteElo "1813"]
[BlackElo "2135"]
[PlyCount "106"]
[EventDate "2005.10.01"]
[EventType "swiss"]
[EventRounds "9"]
[EventCountry "GER"]
[SourceTitle "CBM 108 Extra"]
[Source "ChessBase"]
[SourceDate "2005.11.04"]
[SourceVersion "1"]
[SourceVersionDate "2005.11.04"]
[SourceQuality "1"]

1. e4 c6 2. d4 d5 3. e5 Bf5 4. Bd3 Bxd3 5. Qxd3 e6 6. Nf3 Qa5+ 7. Nbd2 Qa6 8. Qe2 Qxe2+ 9. Kxe2 c5 10. c3 Nc6 11. Rd1 cxd4 12. cxd4 f6 13. Nb3 b6 14. h4 h5 15. Bf4 Nge7 16. Rac1 Kd7 17. Rc3 Ng6 18. Bh2 Be7 19. Rdc1 Rac8 20. exf6 gxf6 21. a3 Bd6 22. Bxd6 Kxd6 23. g3 Nge7 24. Nbd2 Nf5 25. Kd3 Kd7 26. Nf1 Nd6 27. N1d2 Ne7 28. Ne1 Nef5 29. Ng2 e5 30. dxe5 Rxc3+ 31. bxc3 fxe5 32. Ne3 Nxe3 33. Kxe3 Rc8 34. Kd3 Nc4 35. Nxc4 Rxc4 36. Re1 Kd6 37. f3 Ra4 38. Ra1 Ke6 39. Ke3 Kf5 40. Ra2 Rc4 41. Rc2 e4 42. fxe4+ Rxe4+ 43. Kd3 Kg4 44. c4 Rxc4 45. Rxc4+ dxc4+ 46. Kxc4 Kxg3 47. Kb5 Kxh4 48. Ka6 Kg5 49. Kxa7 h4 50. Kxb6 h3 51. a4 h2 52. a5 h1Q 53. Ka7 Qc6 0-1

[Event "Hamburg Junge op"]
[Site "Hamburg"]
[Date "2005.10.06"]
[Round "6"]
[White "Becker, Mario"]
[Black "Bigalke, Andre"]
[Result "1/2-1/2"]
[WhiteElo "2135"]
[BlackElo "2026"]
[PlyCount "47"]
[EventDate "2005.10.01"]
[EventType "swiss"]
[EventRounds "9"]
[EventCountry "GER"]
[SourceTitle "CBM 108 Extra"]
[Source "ChessBase"]
[SourceDate "2005.11.04"]
[SourceVersion "1"]
[SourceVersionDate "2005.11.04"]
[SourceQuality "1"]

1. Nf3 Nf6 2. c4 g6 3. Nc3 c5 4. d4 cxd4 5. Nxd4 Bg7 6. e4 d6 7. Be2 0-0 8. 0-0 Nc6 9. Be3 Nxd4 10. Bxd4 b6 11. Bf3 Bb7 12. Qd2 Qd7 13. Nd5 Nxd5 14. exd5 Bxd4 15. Qxd4 Qc7 16. Qd2 e5 17. dxe6 fxe6 18. Bd1 Rad8 19. Kh1 d5 20. cxd5 Rxd5 21. Qe3 Re5 22. Qd2 Rd5 23. Qe3 Re5 24. Qd2 1/2-1/2

[Event "Hamburg Junge op"]
[Site "Hamburg"]
[Date "2005.10.03"]
[Round "3"]
[White "Murdzia, Piotr"]
[Black "Becker, Mario"]
[Result "1-0"]
[WhiteElo "2448"]
[BlackElo "2135"]
[PlyCount "47"]
[EventDate "2005.10.01"]
[EventType "swiss"]
[EventRounds "9"]
[EventCountry "GER"]
[SourceTitle "CBM 108 Extra"]
[Source "ChessBase"]
[SourceDate "2005.11.04"]
[SourceVersion "1"]
[SourceVersionDate "2005.11.04"]
[SourceQuality "1"]

1. e4 e6 2. d4 d5 3. Nc3 Bb4 4. e5 Ne7 5. a3 Bxc3+ 6. bxc3 c5 7. h4 Nbc6 8. h5 h6 9. Nf3 Qa5 10. Bd2 Bd7 11. a4 0-0-0 12. Bd3 c4 13. Be2 Kb8 14. 0-0 g6 15. Nh2 Nc8 16. Ng4 gxh5 17. Nf6 Nb6 18. Bxh5 Nxa4 19. Bxf7 Bc8 20. Qg4 b5 21. Rfb1 Ka8 22. Bxe6 Ne7 23. Bxc8 Nxc8 24. Qe6 1-0

[Event "Oberliga Nord W 0001"]
[Site "Germany"]
[Date "2001.02.18"]
[Round "6.2"]
[White "Becker, Mario"]
[Black "Kosak, Robert"]
[Result "1/2-1/2"]
[WhiteElo "2157"]
[BlackElo "2256"]
[PlyCount "86"]
[EventDate "2000.10.15"]
[EventType "team"]
[EventRounds "9"]
[EventCountry "GER"]
[SourceTitle "EXT 2003"]
[Source "ChessBase"]
[SourceDate "2002.11.25"]
[SourceVersion "1"]
[SourceVersionDate "2002.11.25"]
[SourceQuality "1"]
[WhiteTeam "Bad Harzburg"]
[BlackTeam "Bremen Nord"]
[WhiteTeamCountry "GER"]
[BlackTeamCountry "GER"]

1. Nf3 d5 2. g3 c5 3. Bg2 Nc6 4. 0-0 e5 5. d3 Nf6 6. c4 Be7 7. Nbd2 0-0 8. b3 d4 9. b4 cxb4 10. a3 h6 11. axb4 Bxb4 12. Ba3 Bxa3 13. Rxa3 Qe7 14. Qa1 Be6 15. Rb1 Rac8 16. Ne1 Rc7 17. Nb3 Bc8 18. Na5 Nxa5 19. Rxa5 b6 20. Ra2 Rd8 21. Nc2 Rd6 22. Na3 Bd7 23. Nb5 Bxb5 24. Rxb5 e4 25. dxe4 Nxe4 26. Bxe4 Qxe4 27. Rxa7 Rxc4 28. Ra8+ Kh7 29. Qb1 d3 30. exd3 Rxd3 31. Re8 Rc1+ 32. Qxc1 Qxe8 33. Rxb6 Qd7 34. Rb1 g6 35. Qe1 Qd5 36. Rc1 h5 37. h4 Qd4 38. Kg2 Qd5+ 39. Kg1 Qd4 40. Kg2 Rd2 41. Rc7 Kg7 42. Re7 Kf6 43. Re8 Kg7 1/2-1/2

[Event "Bad Harzburg op 1st"]
[Site "Bad Harzburg"]
[Date "1999.11.27"]
[Round "5"]
[White "Hobusch, Werner"]
[Black "Becker, Mario"]
[Result "1/2-1/2"]
[WhiteElo "2100"]
[BlackElo "2137"]
[PlyCount "98"]
[EventDate "1999.11.24"]
[EventType "swiss"]
[EventRounds "7"]
[EventCountry "GER"]
[SourceTitle "EXT 2023"]
[Source "ChessBase"]
[SourceDate "2022.10.05"]
[SourceVersion "1"]
[SourceVersionDate "2022.10.05"]
[SourceQuality "1"]

1. e4 c5 2. Nf3 d6 3. d4 cxd4 4. Nxd4 Nf6 5. Nc3 a6 6. g3 e6 7. Bg2 Be7 8. 0-0 0-0 9. Be3 Qc7 10. a4 Nc6 11. Nb3 b6 12. f4 Bb7 13. g4 Rfd8 14. g5 Nd7 15. Qh5 g6 16. Qe2 Nb4 17. f5 exf5 18. exf5 Bxg2 19. Qxg2 Ne5 20. fxg6 hxg6 21. Rf4 d5 22. Rh4 Qd7 23. Bxb6 Rdb8 24. a5 Nxc2 25. Rf1 Nb4 26. Nc5 Qc8 27. N3a4 Rxb6 28. axb6 Bxc5+ 29. Kh1 Rb8 30. Nxc5 Rxb6 31. Na4 Rb8 32. Nc3 Qe6 33. Rd4 Nc4 34. Qf3 Nxb2 35. Nxd5 Nxd5 36. Qxd5 Qxd5+ 37. Rxd5 Nc4 38. Rd7 Ne3 39. Re1 Nf5 40. Red1 Kg7 41. Ra7 Ne3 42. Re1 Nf5 43. Rxa6 Rh8 44. Ra4 Rb8 45. Kg1 Rc8 46. Ra7 Rh8 47. Ra4 Rc8 48. Kf2 Rh8 49. Kg1 Rc8 1/2-1/2

[Event "Oberliga Nord W 9900"]
[Site "Germany"]
[Date "1999.11.07"]
[Round "2.3"]
[White "Becker, Mario"]
[Black "Jugelt, Tobias"]
[Result "1/2-1/2"]
[WhiteElo "2135"]
[BlackElo "2400"]
[PlyCount "57"]
[EventDate "1999.10.??"]
[EventType "team"]
[EventRounds "9"]
[EventCountry "GER"]
[SourceTitle "EXT 2003"]
[Source "ChessBase"]
[SourceDate "2002.11.25"]
[SourceVersion "1"]
[SourceVersionDate "2002.11.25"]
[SourceQuality "1"]
[WhiteTeam "Bad Harzburg"]
[BlackTeam "Bremer SG"]
[WhiteTeamCountry "GER"]
[BlackTeamCountry "GER"]

1. Nf3 Nf6 2. c4 g6 3. Nc3 Bg7 4. e4 d6 5. d4 0-0 6. Be2 e5 7. 0-0 Nc6 8. d5 Ne7 9. Ne1 Nd7 10. Be3 f5 11. f3 f4 12. Bf2 g5 13. g4 h5 14. h3 Nf6 15. Nd3 Ng6 16. c5 Kf7 17. cxd6 cxd6 18. Rc1 hxg4 19. hxg4 Bd7 20. Qb3 Qb8 21. Nb5 Ne8 22. Qc4 a6 23. Nc7 b5 24. Qc2 Nxc7 25. Qxc7 Qxc7 26. Rxc7 Ke7 27. Rfc1 Rfc8 28. Nb4 Nf8 29. Nc6+ 1/2-1/2

[Event "Kassel op"]
[Site "Kassel"]
[Date "1999.05.23"]
[Round "4"]
[White "Liedtke, Matthias"]
[Black "Becker, Mario"]
[Result "1-0"]
[WhiteElo "2286"]
[BlackElo "2146"]
[PlyCount "127"]
[EventDate "1999.05.23"]
[EventType "swiss"]
[EventRounds "7"]
[EventCountry "GER"]
[SourceTitle "EXT 2000"]
[Source "ChessBase"]
[SourceDate "1999.11.16"]
[SourceVersion "1"]
[SourceVersionDate "1999.11.16"]
[SourceQuality "1"]

1. e4 c6 2. d4 d5 3. exd5 cxd5 4. c4 Nf6 5. Nc3 Nc6 6. Nf3 e6 7. Bg5 Be7 8. Rc1 0-0 9. c5 h6 10. Bf4 Nh5 11. Be3 f5 12. Bb5 Nf6 13. 0-0 Ne4 14. Bxc6 bxc6 15. Ne5 Nxc3 16. Rxc3 Qe8 17. Qa4 Bd7 18. Bf4 Bf6 19. Nd3 g5 20. Be5 Be7 21. f4 g4 22. Qa5 Qd8 23. Bc7 Qc8 24. Re1 Bf6 25. Be5 Bd8 26. Qa4 Rf7 27. g3 h5 28. Kg2 Rh7 29. h3 gxh3+ 30. Kf3 h4 31. g4 fxg4+ 32. Kxg4 Be7 33. Kxh3 Qe8 34. f5 Qh5 35. Nf4 Qxf5+ 36. Kh2 Bf6 37. Qc2 Qxc2+ 38. Rxc2 Bxe5 39. Rxe5 Re8 40. Rg5+ Rg7 41. Ng6 e5 42. dxe5 Bf5 43. Rcg2 Bxg6 44. Rxg6 Rxg6 45. Rxg6+ Kf7 46. Rf6+ Kg8 47. Rxc6 Rxe5 48. Kh3 Re2 49. b4 Re3+ 50. Kxh4 Re4+ 51. Kg5 Rxb4 52. Kf6 Ra4 53. Rc8+ Kh7 54. Ke5 Rxa2 55. c6 d4 56. Kxd4 Rc2 57. Kd5 Kg7 58. Re8 a5 59. Kd6 Rd2+ 60. Kc5 Kf7 61. Rh8 Ke7 62. c7 Rc2+ 63. Kb6 Rb2+ 64. Ka7 1-0

[Event "Niedersachsen-ch"]
[Site "Bad Lauterberg"]
[Date "1999.03.29"]
[Round "4"]
[White "Becker, Mario"]
[Black "Von Alvensleben, Wolfram"]
[Result "1/2-1/2"]
[WhiteElo "2146"]
[BlackElo "2245"]
[PlyCount "89"]
[EventDate "1999.??.??"]
[EventType "swiss"]
[EventRounds "9"]
[EventCountry "GER"]
[SourceTitle "EXT 2004"]
[Source "ChessBase"]
[SourceDate "2003.11.25"]
[SourceVersion "1"]
[SourceVersionDate "2003.11.25"]
[SourceQuality "1"]

1. e4 c6 2. d4 d5 3. exd5 cxd5 4. Bd3 Nc6 5. c3 g6 6. Bf4 Bg7 7. Nf3 Nf6 8. Nbd2 0-0 9. 0-0 Nh5 10. Be3 Qd6 11. Qe2 Nf4 12. Bxf4 Qxf4 13. Rfe1 Bg4 14. h3 Bd7 15. Qe3 Qc7 16. Ne5 Nxe5 17. dxe5 e6 18. Nf3 b5 19. a3 a5 20. Rac1 Qb8 21. h4 Rc8 22. h5 Be8 23. hxg6 hxg6 24. Nh2 b4 25. axb4 axb4 26. Ng4 Kf8 27. Qg5 Bb5 28. Bxb5 Qxb5 29. Nf6 bxc3 30. bxc3 Rc7 31. Qh4 Qc5 32. Qh7 Bxf6 33. exf6 Ke8 34. Qg8+ Qf8 35. Rxe6+ Kd7 36. Qxf8 Rxf8 37. Re7+ Kd6 38. Rxc7 Kxc7 39. Re1 Kd6 40. Kh2 Rh8+ 41. Kg1 Rc8 42. Re3 Rc6 43. Kf1 Kc5 44. Rf3 Re6 45. Rf4 1/2-1/2

[Event "Oberliga Nord W 9899"]
[Site "Germany"]
[Date "1999.01.10"]
[Round "4.4"]
[White "Becker, Mario"]
[Black "Wenzel, Reinhard"]
[Result "0-1"]
[WhiteElo "2140"]
[BlackElo "2270"]
[PlyCount "118"]
[EventDate "1998.10.??"]
[EventType "team"]
[EventRounds "9"]
[EventCountry "GER"]
[SourceTitle "EXT 2003"]
[Source "ChessBase"]
[SourceDate "2002.11.25"]
[SourceVersion "1"]
[SourceVersionDate "2002.11.25"]
[SourceQuality "1"]
[WhiteTeam "Bad Harzburg"]
[BlackTeam "Werder Bremen II"]
[WhiteTeamCountry "GER"]
[BlackTeamCountry "GER"]

1. Nf3 c5 2. c4 Nc6 3. Nc3 Nf6 4. g3 g6 5. d4 cxd4 6. Nxd4 Bg7 7. Bg2 0-0 8. 0-0 Nxd4 9. Qxd4 d6 10. Qd2 Be6 11. Bxb7 Rb8 12. Bg2 Bxc4 13. b3 Ba6 14. Bb2 Qa5 15. Rfd1 Rfc8 16. Rac1 Rc5 17. Na4 Rxc1 18. Bxc1 Qxd2 19. Rxd2 Rc8 20. Bb2 Nd7 21. Bh3 Bxb2 22. Nxb2 Rc1+ 23. Kg2 Nc5 24. f3 Bb5 25. b4 Na4 26. Nxa4 Bxa4 27. Rb2 e6 28. Kf2 d5 29. b5 Rc5 30. b6 axb6 31. Rxb6 Rc2 32. Rb8+ Kg7 33. Ra8 Rxa2 34. Ra7 Kf6 35. f4 d4 36. Bf1 d3 37. Rxa4 Rxa4 38. exd3 Ra2+ 39. Be2 Ke7 40. Ke3 h5 41. h4 Kd6 42. Bf3 Kc5 43. Be4 Ra4 44. Bf3 Rb4 45. Be2 Rd4 46. Bf3 Rd7 47. Be2 Kb4 48. Bf3 Kc3 49. Be2 Rd4 50. Bf1 f5 51. Be2 Rb4 52. Bf3 Rb6 53. Bg2 Rd6 54. Bf1 Kc2 55. Be2 Rd8 56. Bf1 Kd1 57. Bg2 Ke1 58. Bh3 Rb8 59. Bg2 Rb6 0-1

[Event "Wernigerode op-A 7th"]
[Site "Wernigerode"]
[Date "1998.10.15"]
[Round "2"]
[White "Heyer, Thomas"]
[Black "Becker, Mario"]
[Result "1/2-1/2"]
[WhiteElo "1955"]
[BlackElo "2140"]
[PlyCount "57"]
[EventDate "1998.10.15"]
[EventType "swiss"]
[EventRounds "7"]
[EventCountry "GER"]
[SourceTitle "EXT 2020"]
[Source "ChessBase"]
[SourceDate "2019.10.17"]
[SourceVersion "1"]
[SourceVersionDate "2019.10.17"]
[SourceQuality "1"]

1. d4 Nf6 2. c4 g6 3. Nc3 Bg7 4. e4 d6 5. f4 0-0 6. Nf3 Na6 7. Bd3 e5 8. fxe5 dxe5 9. d5 Nc5 10. 0-0 a5 11. Bc2 Bg4 12. Qe1 Bxf3 13. Rxf3 Nfd7 14. Qg3 Qe7 15. Qh3 a4 16. Rb1 Nb6 17. b3 axb3 18. axb3 Na6 19. Ra1 Nb4 20. Rxa8 Rxa8 21. Bb1 Ra1 22. Bb2 Ra8 23. Bc1 Nd7 24. Rf1 c6 25. Na4 cxd5 26. cxd5 Na6 27. Be3 Nac5 28. Nxc5 Nxc5 29. Bf2 1/2-1/2

[Event "Bad Zwesten op 2nd"]
[Site "Bad Zwesten"]
[Date "1998.??.??"]
[Round "2"]
[White "Becker, Mario"]
[Black "Baklan, Vladimir"]
[Result "0-1"]
[WhiteElo "2160"]
[BlackElo "2570"]
[PlyCount "74"]
[EventDate "1998.01.02"]
[EventType "swiss"]
[EventRounds "7"]
[EventCountry "GER"]
[SourceTitle "EXT 2000"]
[Source "ChessBase"]
[SourceDate "1999.11.16"]
[SourceVersion "1"]
[SourceVersionDate "1999.11.16"]
[SourceQuality "1"]

1. d4 Nf6 2. Nf3 c5 3. c3 e6 4. Bf4 cxd4 5. cxd4 Qb6 6. Qb3 Qxb3 7. axb3 Nc6 8. Nc3 Bb4 9. Bd2 d5 10. Nb5 Ke7 11. e3 Ne4 12. Bxb4+ Nxb4 13. Rc1 Bd7 14. Be2 a6 15. Na3 Rac8 16. 0-0 g5 17. h3 f6 18. Rfd1 Rhd8 19. Kf1 Be8 20. Ke1 Bg6 21. Nd2 Nd6 22. Ndb1 Na2 23. Rxc8 Rxc8 24. Nd2 Nc1 25. Bc4 Na2 26. Be2 Nb4 27. Ndb1 Nc2+ 28. Nxc2 Rxc2 29. Bd3 Bxd3 30. Rxd3 Rxb2 31. Nd2 Kd7 32. Rc3 a5 33. f3 Ra2 34. Kd1 Ra1+ 35. Rc1 Rxc1+ 36. Kxc1 Nf5 37. Nf1 Nh4 0-1

[Event "Baunatal op 4th"]
[Site "Baunatal"]
[Date "1998.??.??"]
[Round "2"]
[White "Becker, Mario"]
[Black "Koenig, Dirk"]
[Result "1-0"]
[WhiteElo "2140"]
[BlackElo "2140"]
[PlyCount "97"]
[EventDate "1998.08.??"]
[EventType "swiss"]
[EventRounds "7"]
[EventCountry "GER"]
[SourceTitle "EXT 2000"]
[Source "ChessBase"]
[SourceDate "1999.11.16"]
[SourceVersion "1"]
[SourceVersionDate "1999.11.16"]
[SourceQuality "1"]

1. d4 g6 2. e4 d6 3. Bc4 Nf6 4. Nc3 Bg7 5. Bb3 0-0 6. Nf3 c5 7. h3 Qc7 8. dxc5 Qxc5 9. Be3 Qa5 10. 0-0 Nc6 11. Qe2 b5 12. e5 dxe5 13. Qxb5 Qc7 14. Rad1 a5 15. Qb6 Qxb6 16. Bxb6 Bf5 17. Be3 Nb4 18. Rd2 a4 19. Nxa4 Ne4 20. Rdd1 Nxa2 21. Nb6 Ra6 22. Bc4 Ra5 23. Ra1 Be6 24. Bxe6 fxe6 25. Rfd1 Nd6 26. Nd2 e4 27. Nb3 Ra6 28. Bd4 Bxd4 29. Rxd4 Rxb6 30. Rxa2 Rc8 31. Rd2 e5 32. Re2 Kf7 33. Kf1 Kf6 34. Ke1 e3 35. fxe3 Ne4 36. Nd2 Ng3 37. Rf2+ Ke6 38. c3 Nf5 39. Ke2 Rcb8 40. b4 Rc8 41. Ne4 Nd6 42. Nxd6 exd6 43. Ra3 h5 44. e4 d5 45. exd5+ Kxd5 46. Kd2 Re6 47. Ra5+ Kc4 48. Kc2 h4 49. Re2 1-0

[Event "Baunatal op 4th"]
[Site "Baunatal"]
[Date "1998.??.??"]
[Round "5"]
[White "Becker, Mario"]
[Black "Nill, Oliver"]
[Result "1/2-1/2"]
[WhiteElo "2140"]
[BlackElo "2255"]
[PlyCount "33"]
[EventDate "1998.08.??"]
[EventType "swiss"]
[EventRounds "7"]
[EventCountry "GER"]
[SourceTitle "EXT 2000"]
[Source "ChessBase"]
[SourceDate "1999.11.16"]
[SourceVersion "1"]
[SourceVersionDate "1999.11.16"]
[SourceQuality "1"]

1. d4 g6 2. e4 Bg7 3. Nc3 d6 4. Be3 a6 5. a4 b6 6. Nf3 e6 7. Qd2 Nd7 8. Bd3 Bb7 9. 0-0 Ne7 10. Bh6 0-0 11. Bxg7 Kxg7 12. Rfe1 c5 13. Qe3 Rc8 14. dxc5 dxc5 15. Rad1 Qc7 16. Bf1 Rfd8 17. Rd2 1/2-1/2

[Event "Baunatal op 4th"]
[Site "Baunatal"]
[Date "1998.??.??"]
[Round "6"]
[White "Prestel, Oliver"]
[Black "Becker, Mario"]
[Result "0-1"]
[WhiteElo "2220"]
[BlackElo "2140"]
[PlyCount "84"]
[EventDate "1998.08.??"]
[EventType "swiss"]
[EventRounds "7"]
[EventCountry "GER"]
[SourceTitle "EXT 2000"]
[Source "ChessBase"]
[SourceDate "1999.11.16"]
[SourceVersion "1"]
[SourceVersionDate "1999.11.16"]
[SourceQuality "1"]

1. d4 Nf6 2. c4 g6 3. Nc3 Bg7 4. Nf3 0-0 5. g3 d6 6. Bg2 Nc6 7. d5 Na5 8. Nd2 c5 9. Qc2 a6 10. b3 Rb8 11. Bb2 b5 12. Rb1 bxc4 13. bxc4 Bh6 14. f4 e5 15. 0-0 exf4 16. gxf4 Ng4 17. Nd1 Re8 18. e4 Bg7 19. Bxg7 Rxb1 20. Qxb1 Kxg7 21. h3 Nf6 22. Qb2 Kg8 23. Qc3 Nb7 24. Nf2 Qe7 25. Nd3 Nh5 26. e5 Qh4 27. Ne4 Bxh3 28. Rf2 Bf5 29. Nxd6 Nxd6 30. exd6 Re3 31. Rb2 f6 32. d7 Bxd7 33. Qa5 Rxd3 34. Qd8+ Kg7 35. Qxd7+ Kh6 36. Rb1 Qxf4 37. Qd8 Qd4+ 38. Kh2 Qh4+ 39. Kg1 Qd4+ 40. Kh2 Qe5+ 41. Kg1 Qe3+ 42. Kh1 Rd4 0-1

[Event "Bad Zwesten op 2nd"]
[Site "Bad Zwesten"]
[Date "1998.??.??"]
[Round "1"]
[White "Simon, G."]
[Black "Becker, Mario"]
[Result "0-1"]
[WhiteElo "2165"]
[BlackElo "2160"]
[PlyCount "80"]
[EventDate "1998.01.02"]
[EventType "swiss"]
[EventRounds "7"]
[EventCountry "GER"]
[SourceTitle "EXT 2000"]
[Source "ChessBase"]
[SourceDate "1999.11.16"]
[SourceVersion "1"]
[SourceVersionDate "1999.11.16"]
[SourceQuality "1"]

1. e4 c5 2. Nf3 d6 3. c3 Nf6 4. e5 dxe5 5. Nxe5 Nbd7 6. Bb5 a6 7. Bxd7+ Bxd7 8. d4 e6 9. Bg5 cxd4 10. Qxd4 Bb5 11. Qxd8+ Rxd8 12. a4 Rd5 13. Nxf7 Kxf7 14. Bxf6 gxf6 15. axb5 Rxb5 16. b4 Re5+ 17. Kf1 Bh6 18. g3 Rd8 19. Kg2 Rd3 20. Ra2 f5 21. f4 Red5 22. Re2 Rd1 23. Rhe1 Rxe1 24. Rxe1 Bg7 25. Kf2 h5 26. Re3 a5 27. bxa5 Rxa5 28. h4 Rb5 29. Re1 Rb2+ 30. Ke3 Rg2 31. Kf3 Rc2 32. Rd1 Ke7 33. Rd3 Rc1 34. Nd2 Rxc3 35. Ke2 Rxd3 36. Kxd3 b5 37. Nf3 Kd6 38. Ng5 Kd5 39. Kc2 e5 40. fxe5 Bxe5 0-1